000 01342nam a2200325 i 4500
001 195540
003 SpMaBN
005 20241011180929.0
007 ta
008 240621s1978 sp | ||| ||spa
016 7 _abimoBNE19981010709
_2SpMaBN
035 _a(OCoLC)431414239
035 _abimo0000857690
040 _aSpMaBN
_bspa
_cSpMaBN
_erdc
_dES-MaACL
100 1 _aAcacio, Jesús
_0XX1100904
_9237164
245 1 0 _aElegía de los vencidos /
_cJesús Acacio.
260 _a[S.l. :
_bs.n.],
_c1978.
_eTorino,
_fCentrostampa della Democrazia Cristiana.
300 _a[66] p. ;
_c29 cm
336 _2rdacontent
_atexto
337 _2rdamedia
_asin mediación
338 _2rdacarrier
_avolumen
500 _aDedicatoria del autor: "Para Antonio Buero, maestro de escritores, con mi sincera amistad".
655 7 _2tgfbne
_9176539
_aPoesías
852 _aES-MaACL
_cDEPOF
_jFOLL-BUE-7
_gDedicatoria manuscrita del autor, Jesús Acacio, para Antonio Buero Vallejo en portada: "Para Antonio Buero, maestro de escritores, con mi sincera amistad. [Rúbrica]".
_hLegado: Antonio Buero Vallejo
_9203741
903 _932421
_aBuero Vallejo, Antonio,
_q1
_d1916-2000
_ednr
942 _n0
_cFOLLETOS
999 _c195540
_d195540